Provence : (Record no. 14050)

000 -LEADER
fixed length control field 01314cam a22003614a 4500
001 - CONTROL NUMBER
control field 14354626
005 - DATE AND TIME OF LATEST TRANSACTION
control field 20170105102846.0
008 - FIXED-LENGTH DATA ELEMENTS--GENERAL INFORMATION
fixed length control field 060426s2006 enka b 001 0 eng
010 ## - LIBRARY OF CONGRESS CONTROL NUMBER
LC control number 2006046361
020 ## - INTERNATIONAL STANDARD BOOK NUMBER
International Standard Book Number 019530957X
020 ## - INTERNATIONAL STANDARD BOOK NUMBER
International Standard Book Number 9780195309577
020 ## - INTERNATIONAL STANDARD BOOK NUMBER
International Standard Book Number 9780195309577
035 ## - SYSTEM CONTROL NUMBER
System control number (OCoLC)ocm68221587
035 ## - SYSTEM CONTROL NUMBER
System control number (OCoLC)68221587
040 ## - CATALOGING SOURCE
Original cataloging agency DLC
Transcribing agency DLC
Modifying agency BAKER
-- C#P
-- YUS
-- VP@
-- BTCTA
-- YDXCP
-- IXA
-- DLC
042 ## - AUTHENTICATION CODE
Authentication code pcc
043 ## - GEOGRAPHIC AREA CODE
Geographic area code e-fr---
050 00 - LIBRARY OF CONGRESS CALL NUMBER
Classification number DC611.P964
Item number G37 2006
082 00 - DEWEY DECIMAL CLASSIFICATION NUMBER
Classification number 944.9
Edition number 22
100 1# - MAIN ENTRY--PERSONAL NAME
Personal name Garrett, Martin.
245 10 - TITLE STATEMENT
Title Provence :
Remainder of title a cultural history /
Statement of responsibility, etc. Martin Garrett.
260 ## - PUBLICATION, DISTRIBUTION, ETC.
Place of publication, distribution, etc. Oxford ;
-- New York :
Name of publisher, distributor, etc. Oxford University Press,
Date of publication, distribution, etc. 2006.
300 ## - PHYSICAL DESCRIPTION
Extent xxx, 226 p. :
Other physical details ill. ;
Dimensions 22 cm.
440 #0 - SERIES STATEMENT/ADDED ENTRY--TITLE
Title [Landscapes of the imagination]
500 ## - GENERAL NOTE
General note Series from jacket.
504 ## - BIBLIOGRAPHY, ETC. NOTE
Bibliography, etc. note Includes bibliographical references (p. 213-214) and index.
651 #0 - SUBJECT ADDED ENTRY--GEOGRAPHIC NAME
Geographic name Provence (France)
General subdivision History.
651 #0 - SUBJECT ADDED ENTRY--GEOGRAPHIC NAME
Geographic name Provence (France)
General subdivision Social life and customs.
856 42 - ELECTRONIC LOCATION AND ACCESS
Materials specified Publisher description
Uniform Resource Identifier <a href="http://www.loc.gov/catdir/enhancements/fy0724/2006046361-d.html">http://www.loc.gov/catdir/enhancements/fy0724/2006046361-d.html</a>
906 ## - LOCAL DATA ELEMENT F, LDF (RLIN)
a 7
b cbc
c orignew
d 1
e ocip
f 20
g y-gencatlg
942 ## - ADDED ENTRY ELEMENTS (KOHA)
Source of classification or shelving scheme
Koha item type Book
Holdings
Withdrawn status Lost status Damaged status Not for loan Collection code Permanent Location Current Location Shelving location Date acquired Total Checkouts Full call number Barcode Date last seen Price effective from Koha item type
          Centre for International Peace & Stability (CIPS) Centre for International Peace & Stability (CIPS) General Stacks 08/15/2013   944.9 GAR 2006 CIPS0000645 08/15/2013 08/15/2013 Book
© 2023 Central Library, National University of Sciences and Technology. All Rights Reserved.